000 00659nam a2200205 i 4500
001 51726
003 ES-MaACL
005 20250824230744.0
007 t|
008 030818s1971 sp ||||1| spa d
100 1 _aDankelman, John.
_942645
245 1 3 _aLa respuesta del hombre
_b: tarea en el mundo /
_cJohn Dankelman ; [versión por Juan Ignacio de la Vega de Luque].
260 _aMadrid :
_bRialp,
_c[1971]
300 _a474 p. ;
_c19 cm.
490 1 _aPatmos ;
_v140
700 1 _aVega de Luque, Juan Ignacio de la.
_9113595
830 0 0 _aPatmos (Rialp)
_v140
_9181154
852 _aES-MaACL
_jC-50109
_bR.77171
999 _c51726
_d51726